000 00989cad a22002295a 4500
001 E149548
008 100318s2010 xxu f 000 0 eng d
035 _a(Sirsi) u149548
041 0 _aeng
050 0 4 _a333.33 $2 18
110 2 _aJones Lang LaSalle
_93755
245 0 0 _aOn.point, Americas research
_bNorth America occupier report Q4 2009
_h[electronic resource]
260 _a[S.l.]
_bJones Lang Lasalle
_c2010
490 0 _aOn.Point
_bAmericas Research
_vFourth Quarter 2009
520 _aSuggests that although the office market will continue to be affected by the recession in 2010, although leasing activity will increase.
521 _aAdvanced
590 _aKA
651 4 _aUnited States
_y1959-
690 _aPROPERTY-COMMERCIAL PROPERTY-COMMERCIAL PROPERTY MARKET
856 4 0 _uhttps://www.us.am.joneslanglasalle.com/ResearchLevel1/North-America-Occupier-Report-Q4-2009-JLL.pdf
_zView the report free of charge (pdf file) at www.us.am.joneslanglasalle.com
942 _n0
999 _c110535
_d110535